|
|
|
|
| LEADER |
01134nam a2200253 a 4500 |
| 001 |
3133609 |
| 008 |
090914s1972 nbua b 000 0 eng d |
| 010 |
|
|
|a 72077986
|
| 020 |
|
|
|a 0882240064
|
| 040 |
|
|
|a DLC
|c DLC
|d DLC
|
| 082 |
0 |
0 |
|a 370.19/31
|2 18
|
| 100 |
1 |
|
|a Hiemstra, Roger.
|
| 245 |
1 |
4 |
|a The educative community;
|b linking the community, school, and family.
|
| 260 |
|
|
|a Lincoln, Neb.,
|b Professional Educators Publications
|c c1972
|
| 300 |
|
|
|a 116 p.
|b illus.
|c 23 cm.
|
| 490 |
0 |
|
|a The Professional education series
|
| 504 |
|
|
|a Includes bibliographies.
|
| 541 |
1 |
|
|e 00000895
|
| 650 |
|
0 |
|a Community and school.
|
| 650 |
|
0 |
|a Home and school.
|
| 852 |
4 |
|
|a Ayesha Abed Library
|j General Shelf.
|
| 999 |
|
|
|c 4135
|d 4135
|
| 952 |
|
|
|0 0
|1 0
|2 ddc
|4 0
|6 370_193100000000000_HIE_1972
|7 0
|9 3807
|a BRACUL
|b BRACUL
|c GEN
|d 2009-10-03
|g 0.00
|l 0
|o 370.1931 HIE
|p 3010000895
|r 2009-10-03
|t 1
|w 2009-10-03
|y BK
|x No price found in the accession register.
|
| 952 |
|
|
|0 0
|1 0
|2 ddc
|4 0
|6 370_193100000000000_HIE_1972
|7 0
|9 3812
|a BRACUL
|b BRACUL
|c GEN
|d 2009-10-03
|g 0.00
|l 0
|o 370.1931 HIE
|p 3010004863
|r 2009-10-03
|t 2
|w 2009-10-03
|y BK
|x No price found in the accession register.
|